<?xml version="1.0" encoding="UTF-8"?>
<resp>
  <nextPage>https://data.bn.org.pl/api/networks/bibs.marcxml?marc=001+b00001150001578&amp;sinceId=1150001579</nextPage>
  <collection>
    <record xmlns='http://www.loc.gov/MARC21/slim'><leader>01281namZa2200337ZiZ4500</leader><controlfield tag='001'>b00001150001578</controlfield><controlfield tag='005'>20241203220219.1</controlfield><controlfield tag='008'>230609s        pl           |000 0 pol c</controlfield><controlfield tag='009'>9913261979305606</controlfield><datafield ind1=' ' ind2=' ' tag='020'><subfield code='a'>MKras / DW / EK / AK</subfield></datafield><datafield ind1=' ' ind2=' ' tag='035'><subfield code='a'>KR_1KR_1_20120317233803028809-48omnis_kr</subfield></datafield><datafield ind1=' ' ind2=' ' tag='035'><subfield code='a'>KR_1_20120317233803028809</subfield><subfield code='9'>ExL</subfield></datafield><datafield ind1=' ' ind2=' ' tag='035'><subfield code='a'>(PL)b00001150001578</subfield></datafield><datafield ind1=' ' ind2=' ' tag='040'><subfield code='a'>KR_1</subfield><subfield code='c'>KR_1</subfield></datafield><datafield ind1='0' ind2=' ' tag='041'><subfield code='a'>pol</subfield></datafield><datafield ind1='1' ind2=' ' tag='100'><subfield code='a'>Jarosiński, Zbigniew</subfield><subfield code='d'>(1946- )</subfield></datafield><datafield ind1='1' ind2='0' tag='245'><subfield code='a'>Literatura lat 1945-1975 /</subfield><subfield code='c'>Zbigniew Jarosiński ; Instytut Badań Literackich Polskiej Akademii Nauk.</subfield></datafield><datafield ind1=' ' ind2=' ' tag='260'><subfield code='a'>W-wa :</subfield><subfield code='b'>Wydaw. Naukowe PWN,</subfield><subfield code='c'>1996.</subfield></datafield><datafield ind1=' ' ind2=' ' tag='300'><subfield code='a'>202 s. ;</subfield><subfield code='c'>21 cm.</subfield></datafield><datafield ind1='1' ind2=' ' tag='490'><subfield code='a'>Mała Historia Literatury Polskiej</subfield></datafield><datafield ind1=' ' ind2=' ' tag='500'><subfield code='a'>n</subfield></datafield><datafield ind1=' ' ind2=' ' tag='504'><subfield code='a'>Bibliogr. s. 193-[195].-Indeks.</subfield></datafield><datafield ind1='8' ind2=' ' tag='521'><subfield code='a'>Książka pomocnicza do nauki języka polskiego na poziomie szkoły średniej.</subfield></datafield><datafield ind1=' ' ind2='9' tag='650'><subfield code='a'>Literatura polska</subfield><subfield code='x'>historia</subfield><subfield code='y'>20 w.</subfield><subfield code='v'>materiały pomocnicze dla szkół średnich</subfield></datafield><datafield ind1=' ' ind2='2' tag='710'><subfield code='a'>Instytut Badań Literackich (Polska Akademia Nauk)</subfield></datafield><datafield ind1=' ' ind2=' ' tag='852'><subfield code='b'>48OMNIS_NETWORK</subfield><subfield code='8'>9913261979305606</subfield></datafield><datafield ind1=' ' ind2=' ' tag='852'><subfield code='b'>48OMNIS_KR</subfield><subfield code='8'>991000015779708216</subfield></datafield><datafield ind1=' ' ind2=' ' tag='920'><subfield code='a'>83-01-11998-5</subfield></datafield></record>
  </collection>
</resp>
